| 000 | 01107nac a22003017a 4500 | ||
|---|---|---|---|
| 001 | BR7600859 | ||
| 003 | BR-BrBNA | ||
| 005 | 20240105113914.0 | ||
| 008 | 230509b bl.|||m| |||| 00| 0 por d | ||
| 040 |
_aBR-BrBNA _bpor _cBiblioteca Nacional de Agricultura |
||
| 072 | _aF25; F60 | ||
| 090 | _a0230 BR7600859 | ||
| 100 | 1 | _aOrlando, J. | |
| 100 | 1 | _aHaag, H.P. | |
| 110 | 1 | _aPrograma Nacional de Melhoramento da Cana-de-Acucar, Araras, SP (Brasil). Coordenadoria Regional Sul | |
| 245 | 1 |
_aInfluencia varietal e do solo no estado nutricional na cana-de-acucar (Saccharum spp)pela analise foliar _bResumo de tese |
|
| 260 | 3 |
_aAraras, SP (Brasil): _cJul 1976. |
|
| 300 | _a52 p. | ||
| 490 |
_aBoletim Tecnico - Programa Nacional de Melhoramento da cana-de-acucar. Coordenadoria Regional Sul (Brazil) _v _x |
||
| 500 | _a12 tables; Bibliography (54 ref.); Summaries (En, Pt) | ||
| 650 | _aNUTRICAO VEGETAL | ||
| 650 | _aCANA DE ACUCAR | ||
| 650 | _aANALISE FOLIAR | ||
| 650 | _aSOLO | ||
| 650 | _aMACROELEMENTO | ||
| 909 |
_a202312 _bLúcia Elande _c55 _dLúcia Elande |
||
| 942 |
_2AGRIS _n0 _cMS |
||
| 999 |
_c266270 _d266270 |
||